000 00236nam a2200097Ia 4500
008 190216s9999||||xx |||||||||||||| ||und||
100 _aUlloor S Parameswara Aiyer
245 0 _aMalayalam-Umakeralam
260 _bNbs Kottayam
942 _cBK
999 _c30334
_d30334